00621nam a22001937a 4500003001100000005001700011008004100028040003900069041000800108082001600116100002600132245004900158260003400207650002700241650004600268942000700314952009100321999001500412LK-CoMWRAF20230922234726.0230922b |||||||| |||| 00| 0 eng d aLK-CoMWRAFdLK-CoMWRAFeLK-CoMWRAF aeng a297.63bALI aAli, Maulana Muhammad aThe Living thoughts of the Prophet Muhammad  aLahore :bAhmadiyyah anjuman, a Muḥammad, Prophet,  aMuslims -- Arabian Peninsula -- Biography cBK 00104070aMAINbMAINd2023-09-22l0o297.63 ALIpRAF1288r2023-09-22w2023-09-22yBK c3624d3624